000 00284nam a2200085Ia 4500
008 220204s9999 xx 000 0 und d
082 _a35.08(047)
_bIND
245 0 _aCommission of enquiry on emoluments and conditions of service of central government employees 1957-59:Report
942 _cBK
999 _c20187
_d20187